Sining ng pakikipagtalastasan : (Record no. 293514)
[ view plain ]
| 000 -LEADER | |
|---|---|
| fixed length control field | 00593nam a2200205Ia 4500 |
| 008 - FIXED-LENGTH DATA ELEMENTS--GENERAL INFORMATION | |
| fixed length control field | 160418s9999 xx 000 0 und d |
| 050 ## - LIBRARY OF CONGRESS CALL NUMBER | |
| Classification number | FIL PL 6061 |
| 050 ## - LIBRARY OF CONGRESS CALL NUMBER | |
| Item number | .P66 2000 |
| 100 ## - MAIN ENTRY--PERSONAL NAME | |
| Personal name | Pomado, Nelson A. |
| 245 ## - TITLE STATEMENT | |
| Title | Sining ng pakikipagtalastasan : |
| 245 ## - TITLE STATEMENT | |
| Remainder of title | pagsubok na edisyon / |
| 245 ## - TITLE STATEMENT | |
| Statement of responsibility, etc | Nelson A. Pomado, Corazon Q. Rabulan |
| 260 ## - PUBLICATION, DISTRIBUTION, ETC. (IMPRINT) | |
| Place of publication, distribution, etc | Iloilo City : |
| 260 ## - PUBLICATION, DISTRIBUTION, ETC. (IMPRINT) | |
| Name of publisher, distributor, etc | Makinaugalingon Printer & Bookbinder |
| 260 ## - PUBLICATION, DISTRIBUTION, ETC. (IMPRINT) | |
| Date of publication, distribution, etc | 2000 |
| 300 ## - PHYSICAL DESCRIPTION | |
| Extent | 260 pages : |
| 300 ## - PHYSICAL DESCRIPTION | |
| Dimensions | 22 cm. |
| 500 ## - GENERAL NOTE | |
| General note | Includes bibliographical references. |
| 650 ## - SUBJECT ADDED ENTRY--TOPICAL TERM | |
| Topical term or geographic name as entry element | Filipino language -- Rhetoric. |
| Withdrawn status | Lost status | Damaged status | Home library | Current library | Shelving location | Date acquired | Cost, normal purchase price | Total Checkouts | Full call number | Barcode | Date last seen | Price effective from | Koha item type |
|---|---|---|---|---|---|---|---|---|---|---|---|---|---|
| South Mansfield College | South Mansfield College | Filipiniana Section | 03/07/2005 | 151.00 | FIL PL 6061 .P66 2000 | SMC00346 | 04/18/2016 | 04/18/2016 |